| 000 | 00535nam a22002057a 4500 | ||
|---|---|---|---|
| 003 | OSt | ||
| 005 | 20140310182756.0 | ||
| 008 | 130207t xxu||||| |||| 00| 0 eng d | ||
| 020 | _a9812401326 | ||
| 050 |
_aTK 5105.8885.A26 _b.M828 2001 |
||
| 100 | _aMorneau, Keith | ||
| 245 |
_aActive server pages / _cKeith Morneau |
||
| 260 |
_aAustralia : _bThomson Learning, _c2001. |
||
| 300 |
_aviii, 336 p. : _c26 cm. _bill. ; |
||
| 521 | _aIT | ||
| 650 | _aComputer Servers | ||
| 942 |
_2lcc _cBK _kFOR |
||
| 999 |
_c15868 _d15868 |
||